A porok keverésének tanulmányozása

Elmentve itt :
Bibliográfiai részletek
Szerzők: Kata Mihály
Kedvessy György
Dokumentumtípus: Cikk
Megjelent: 1971
Sorozat:ACTA PHARMACEUTICA HUNGARICA 41 No. 6
Tárgyszavak:
mtmt:2529371
Online Access:http://publicatio.bibl.u-szeged.hu/34104
LEADER 00667nab a2200205 i 4500
001 publ34104
005 20250613115056.0
008 250613s1971 hu o 000 hun d
022 |a 0001-6659 
024 7 |a 2529371  |2 mtmt 
040 |a SZTE Publicatio Repozitórium  |b hun 
041 |a hun 
100 1 |a Kata Mihály 
245 1 2 |a A porok keverésének tanulmányozása  |h [elektronikus dokumentum] /  |c  Kata Mihály 
260 |c 1971 
300 |a 259-266 
490 0 |a ACTA PHARMACEUTICA HUNGARICA  |v 41 No. 6 
650 4 |a Általános orvostudomány 
700 0 1 |a Kedvessy György  |e aut 
856 4 0 |u http://publicatio.bibl.u-szeged.hu/34104/1/aok_klny_780_71.pdf  |z Dokumentum-elérés